Гидрогеологические условия отработки Курейского месторождения графитов открытым способом: Отчет о НИР; Тема: х/д № 98/69

Podrobná bibliografie
Korporativní autor: Томский политехнический институт (ТПИ) (595)
Další autoři: Назаров А. Д. (руководитель), Белоусова Т. В. (исполнитель)
Jazyk:ruština
Vydáno: Томск, 1970
Témata:
Médium: MixedMaterials Kniha
KOHA link:https://koha.lib.tpu.ru/cgi-bin/koha/opac-detail.pl?biblionumber=177109

MARC

LEADER 00000nbm0a2200000 4500
001 177109
005 20231031165536.0
029 0 0 |a SU  |b 71071869  |f ТПУ 
035 |a (RuTPU)RU\TPU\book\192015 
090 |a 177109 
100 |a 20100312d1970 k y0rusy50 ca 
101 0 |a rus 
102 |a RU 
105 |a a p 001zy 
200 1 |a Гидрогеологические условия отработки Курейского месторождения графитов открытым способом  |e Отчет о НИР  |e Тема: х/д № 98/69  |f Томский политехнический институт (ТПИ) ; руководитель А. Д. Назаров ; Т. В. Белоусова 
210 |a Томск  |d 1970 
215 |a 43 л.  |e графические приложения 
320 |a Библиогр.: с. 42. 
610 1 |a отчеты о НИР 
610 1 |a Курейское месторождение 
610 1 |a отработка 
610 1 |a открытые работы 
610 1 |a графиты 
610 1 |a гидрогеологические условия 
610 1 |a водоносные горизонты 
610 1 |a химический состав 
675 |a 553.94(04)  |v 3 
702 1 |a Назаров  |b А. Д.  |4 673 
702 1 |a Белоусова  |b Т. В.  |4 677 
712 0 2 |a Томский политехнический институт (ТПИ)  |c (1944-1991)  |2 stltpush  |3 (RuTPU)RU\TPU\col\1123  |4 595 
801 1 |a RU  |b 63413507  |c 20100312 
942 |c BK